000 01085nam a2200241Ia 4500
999 _c53299
_d53299
001 20340
003 GE_BSU
005 20200925235612.0
008 181216s1967||||ge |||||||||||||| ||geo||
040 _cGE_BSU
041 _dgeo
080 _a811.353.1'373(072) ს-92
100 _aსულაბერიძე, ტიტე
_99548
245 _aმოსწავლეთა ლექსიკაზე მუშაობა დაწყებით კლასებში /
_cტიტე სულაბერიძე ; რედ. ელ. სარჯველაძე.
264 _aთბილისი :
_bგანათლება,
_c1967.
300 _a93 გვ. ;
_c22 სმ
490 _aპედაგოგიკა და მეთოდიკა
541 _h34თ.
653 _aქართული ენა
653 _aქართული ენის ლექსიკის სწავლების მეთოდიკა
700 _aსარჯველაძე, ელ.
_eრედაქტორი
_99534
942 _cBK
_2udc